000 00553nam a2200169 4500
001 122428
003 ES-MaACL
005 20230906191957.0
007 t|
008 070214s1970 sp r ||||1| spa d
111 2 _aJornadas Nacionales sobre el Aluminio (
_cValladolid (
_d1970) (
_n. 1ª)
_9218898
245 1 0 _aPrimeras jornadas nacionales sobre el aluminio.
260 _aValladolid :
_b[s. n.],
_c1970 (
_fGráf. Andrés Martín)
300 _a286 p., 18 lám. ;
_c24 cm +
_e3 gráf.
852 _aES-MaACL
_jC-41322
_bR.74924
999 _c122428
_d122428